| 000 | 00368nam a2200121Ia 4500 | ||
|---|---|---|---|
| 008 | 220120s9999||||xx |||||||||||||| ||und|| | ||
| 020 | _a0-07-123151-X | ||
| 100 | _aUyemura, John, P | ||
| 245 | 0 | _aIntroduction to VLSI circuits and systems | |
| 260 |
_aJohn wiely and sons, Inc. _bNew Delhi _c2005 |
||
| 300 |
_aXXXII, 1065p. _b379 |
||
| 650 |
_aDATA FILES & DATABASE _9695 |
||
| 999 |
_c132180 _d132180 |
||